| 000 | 00590nam a2200193 a 4500 | ||
|---|---|---|---|
| 001 | 000020797 | ||
| 005 | 20200930011152.0 | ||
| 008 | 100817s1981 ||| 000 0 spa d | ||
| 040 |
_aDO-SdBNP _bspa _cBPJMB |
||
| 041 | 1 | 7 |
_aspa _hger _2Código de idioma MARC |
| 082 |
_a291.422 _bE74m |
||
| 245 | 0 | 3 |
_aLa escuela mística crística : _bla escuela superior del espíritu. |
| 260 |
_a[S.l. : _bs.n.], _c1981. |
||
| 300 |
_a72 p. , ; _c22 cm. |
||
| 490 | 1 |
_aVida universal _v88 |
|
| 650 | 4 |
_aMisticismo _914358 |
|
| 650 | 4 |
_aEscuelas parroquiales _943587 |
|
| 830 | 0 |
_aVida universal ; _v88 _943588 |
|
| 999 |
_c20301 _d20301 |
||